Nuevo manual de geografía : (Record no. 155301)

MARC details
000 -LEADER
campo de control de longitud fija 01013nam a22002295i 4500
001 - NÚMERO DE CONTROL
campo de control 155301
003 - IDENTIFICADOR DE NÚMERO DE CONTROL
campo de control ES-MaACL
005 - FECHA Y HORA DE LA ÚLTIMA TRANSACCIÓN
campo de control 20250815062539.0
008 - DATOS DE LONGITUD FIJA--INFORMACIÓN GENERAL
campo de control de longitud fija 990526e1840 sp |||| | spa d
040 ## - FUENTE DE CATALOGACIÓN
Centro catalogador/agencia de origen AN
Lengua de catalogación spa
Centro/agencia transcriptor AN
100 1# - ENTRADA PRINCIPAL--NOMBRE DE PERSONA
Nombre de persona Hermann
Títulos y otros términos asociados al nombre (Geógrafo)
Término indicativo de función/relación Autor
9 (RLIN) 127883
245 10 - MENCIÓN DEL TÍTULO
Título Nuevo manual de geografía :
Resto del título precedido de un Tratado de cosmografía y elementos del sistema planetario /
Mención de responsabilidad, etc. por Hermann ; obra publicada en Francia bajo los auspicios de los ministerios del Interior y Trabajos Públicos; traducida al castellano y anotada por D. Alfredo A. Camus.
246 1# - FORMA VARIANTE DEL TITULO
Título propio/Titulo breve Tratado de cosmografía y elementos del sistema planetario
260 ## - PUBLICACIÓN, DISTRIBUCIÓN, ETC.
Lugar de publicación, distribución, etc. Córdoba :
Nombre del editor, distribuidor, etc. [s.n.],
Fecha de publicación, distribución, etc. 1840
Fabricante (Imp. de Noguer y Manté)
300 ## - DESCRIPCIÓN FÍSICA
Extensión 599 páginas ;
Dimensiones 16 cm.
650 07 - PUNTO DE ACCESO ADICIONAL DE MATERIA--TÉRMINO DE MATERIA
Término de materia o nombre geográfico como elemento de entrada Geografía
Fuente del encabezamiento o término embne
9 (RLIN) 13070
650 07 - PUNTO DE ACCESO ADICIONAL DE MATERIA--TÉRMINO DE MATERIA
Término de materia o nombre geográfico como elemento de entrada Cosmografía
Fuente del encabezamiento o término embne
9 (RLIN) 11388
700 1# - ENTRADA AGREGADA--NOMBRE PERSONAL
Nombre de persona Camús, Alfredo Adolfo,
Fechas asociadas al nombre 1797-1889
9 (RLIN) 34362
Término indicativo de función/relación Editor literario
852 ## - LOCALIZACIÓN
Ubicación ES-MaACL
Ubicación en estantería Sala Pecera Planta 3
Número de control de estantería G-10769
Encuadernación Holandesa
942 ## - ELEMENTOS DE ENTRADA SECUNDARIOS (KOHA)
Fuente del sistema de clasificación o colocación Clasificación decimal universal
Tipo de ítem Koha Libro impreso antiguo
Suprimir en OPAC No
Holdings
Estatus retirado Estado de pérdida Estado de daño No para préstamo Colección Biblioteca de origen Biblioteca actual Ubicación en estantería Fecha de adquisición Fuente de adquisición Total de préstamos Signatura topográfica completa Código de barras Visto por última vez Precio de reemplazo Tipo de ítem Koha
        Libros del s. XIX Biblioteca del Ateneo de Madrid Biblioteca del Ateneo de Madrid Sala Pecera Planta 3 17/01/2008     G-10769 1162453 23/02/2023 23/02/2023 Libro impreso antiguo